000 00417nam a2200181Ia 4500
008 230524s9999 xx 000 0 und d
020 _a0333936698
082 _a628
_bDAS
100 _aM C Dash
245 0 _aMan And Environment
250 _a10TH
260 _aKOLKATA
_bMacmillan
_c2001
300 _a293
500 _aQuantity Number: 20
650 _aEnvironmental
700 _a P C Mishra
942 _cBK
999 _c48007
_d48007